000
00300nam a22001217a 4500
008
170203b xxu||||| |||| 00| 0 eng d
041
_a
eng
080
_a
61
100
_a
3
101
_a
SHM
245
_a
UDHERREFYES STANDARD TERAPEUTIK PER KUJDESIN PARESOR SHENDETSOR
_c
RAMADANI, J
942
_2
udc
_c
BK
999
_c
4419
_d
4419